000 00577nam a22001937a 4500
999 _c10651
_d10651
003 AR-CdUCM
008 190401b ||||| |||| 00| 0 spa d
040 _aMUNICIPALIDAD PROVINCIAL DEL CUSCO
_cBIBLIOTECA MUNICIPAL DEL CUSCO
082 _aES / 800 /
_bS17
100 _aSaint Exupéry, Antoine de
_914004
245 _aEl principito /
260 _aLima :
_bFondo editorial navarrete,
300 _a128 paginas ;
_c15 cm.
505 _aContenido :El principito.
650 _aLiteratura peruana
_9169
650 _aHistorias
_92725
942 _2ddc
_cLIBROS
945 _arum